| 000 | 00596nam a2200217Ia 4500 | ||
|---|---|---|---|
| 005 | 20250508163741.0 | ||
| 008 | 008 250505s9999 xx 000 0 eng d | ||
| 020 | _a0-335-20208-X | ||
| 037 | _aTextual | ||
| 040 |
_aFEDL _beng _cFEDL |
||
| 041 |
_aeng _2eng |
||
| 084 |
_a378.1, LIS _qFEDL |
||
| 100 |
_aListon Colleen _9776187 |
||
| 245 | 0 | _aManaging quality and standards | |
| 260 |
_aBuckingham, UK _bOpen University Press _c1999 |
||
| 300 | _axv,192p | ||
| 365 |
_aGBP _b10.95 |
||
| 650 | _aHigher education | ||
| 942 |
_cTEXL _h378.1, LIS |
||
| 999 |
_c1385060 _d1385060 |
||